Actas y documentos Segunda Conferencia Especializada Interamericana Sobre Derecho Internacional Privado

Salvato in:
Dettagli Bibliografici
Enti autori: OEA (Autore), Organización de los Estados Americanos (Autore)
Natura: Libro
Lingua:spagnolo
Pubblicazione: Washington, D.C Secretaria General OEA 1980
Soggetti:
Tags: Aggiungi Tag
Nessun Tag, puoi essere il primo ad aggiungerne!!

MARC

LEADER 00000nam a2200000 a 4500
001 UCR2963
003 CL-VaPUC
005 20210612001341.0
008 980116e19800122us 1 spa d
082 0 4 |a 341.06  |b OEA  |2 21 
110 2 |a OEA  |e author  |9 618686 
710 2 |a Organización de los Estados Americanos  |e author  |9 618687 
245 1 0 |a Actas y documentos Segunda Conferencia Especializada Interamericana Sobre Derecho Internacional Privado 
260 |a Washington, D.C  |b Secretaria General OEA  |c 1980 
300 |a 3 v 
583 |a last modification  |c 19980116 00:00:00  |k Rodrigo Vera 
600 1 7 |a OEA  |2 CL-VaPUC  |9 618686 
650 0 0 |a Derecho internacional privado  |9 256361 
650 0 7 |a CONFERENCIAS  |2 CL-VaPUC  |9 618688 
651 0 |a Uruguay  |9 255194 
942 |c BK 
945 |a crobeson  |d 19980116 00:00:00 
546 |a En Español 
518 |p Conferencia Especializada Interamericana sobre Derecho Privado, 2, Montevideo, 23 de abril a 8 de mayo de 1979 
999 |c 383076  |d 383074 
952 |0 0  |1 0  |4 0  |6 341_060000000000000_OEA_1980  |7 0  |8 A  |9 505083  |a BIBDER  |b BIBDER  |d 2020-01-23  |h v.1  |i 1933744  |o 341.06 OEA 1980  |p 1933744  |r 2023-01-25  |w 2020-01-23  |y BK  |k DER 
952 |0 0  |1 0  |4 0  |6 341_060000000000000_OEA_1980  |7 0  |8 A  |9 505084  |a BIBDER  |b BIBDER  |d 2020-01-23  |h v.2  |i 1933795  |o 341.06 OEA 1980  |p 1933795  |r 2023-01-25  |w 2020-01-23  |y BK  |k DER 
952 |0 0  |1 0  |4 0  |6 341_060000000000000_OEA_1980  |7 0  |8 A  |9 505085  |a BIBDER  |b BIBDER  |d 2020-01-23  |h v.3  |i 1924400  |o 341.06 OEA 1980  |p 1924400  |r 2023-01-25  |w 2020-01-23  |y BK  |k DER